Culture générale par lettre - J. - Statistiques

Statistiques générales
  • Ce quiz a été pris 5 389 fois
  • Le résultat moyen est 13 sur 15
Statistiques - réponses
Question Réponse % Correct
Animal et nom d'une marque automobile. Jaguar
99%
Prénom des chanteurs Bieber et Timberlake. Justin
98%
Peut être moutarde, poussin, clair ou fluo. Jaune
97%
Mois au cours duquel on célèbre la fête de la musique en France. Juin
97%
Agent secret 007. James Bond
96%
Autre nom du célèbre portrait de Mona Lisa, peinte par Léonard de Vinci. La Joconde
94%
Vêtement qui se dit "Skirt" en Anglais. Jupe
93%
Célèbre club de football situé à Turin, ou ont évolué Cristiano Ronaldo, Zidane ou Platini. Juventus
91%
Capital d'Israël. Jérusalem
90%
La capitale de ce pays est Amman. Jordanie
90%
Titre d'un célèbre article rédigé par Émile Zola au cours de l'affaire Dreyfus et publié en 1898. J'accuse
88%
Rappeur Américain, marié à Beyoncé. Jay-z
88%
Cruel vizir dans le dessin animé de Disney "Aladdin". Jafar
82%
Saga cinématographique américaine composée de cinq films (le 6ème sort en 2022), dont les 2 premiers volets sont signés Steven Spielberg. Jurassic Park
66%
Fruit originaire d'Asie, aussi appelé datte rouge, datte chinoise ou chichourle. Jujube
30%
Aucun quiz correspondant
Distribution des résultats
% des personnes avec chaque résultat
Percentile par nombre de réponses
Votre historique - résultats
Vous n’avez pas pris ce quiz